Guess the World Cities by Skyline - Statistics

General Stats
  • This quiz has been taken 50 times
  • The average score is 13 of 23
Answer Stats
Picture Answer % Correct
Paris
93%
Sydney
93%
Rio de Janeiro
90%
Toronto
85%
Shanghai
80%
Kuala Lumpur
78%
London
78%
Singapore
78%
Monaco
73%
Taipei
71%
Dubai
66%
Istanbul
54%
Cairo
51%
Barcelona
49%
Vancouver
46%
Moscow
41%
Tokyo
41%
Osaka
39%
Beijing
29%
Ho Chi Minh City
29%
Calgary
27%
Jakarta
27%
Buenos Aires
22%
No matching quizzes found
Score Distribution
Percent of People with Each Score
Percentile by Number Answered
Your Score History
You have not taken this quiz